Etiamsi Daremus. Studi sinfonici sul diritto naturale.

Guardat en:
Dades bibliogràfiques
Autor principal: Todescan, Franco (autore)
Format: Llibre
Publicat: Padova, Italia: Casa Editrice Dott. Antonio Milani, 2003.
Col·lecció:Biblioteca di Lex Naturalis,
Matèries:
Etiquetes: Afegir etiqueta
Sense etiquetes, Sigues el primer a etiquetar aquest registre!

MARC

LEADER 00000nam a22000007a 4500
003 CL-VaPUC
005 20220822114734.0
008 220727t2003 ||||| |||| 00| 0 eng d
999 |c 437647  |d 437645 
020 |a 88-13-24763-X 
040 |c Pontificia Universidad Católica de Valparaíso 
082 7 |a 340.112 TOD 2003  |2 22 
100 |a Todescan, Franco  |9 297696  |e autore 
245 |a Etiamsi Daremus.   |b Studi sinfonici sul diritto naturale.  
260 |a Padova, Italia:  |b Casa Editrice Dott. Antonio Milani,   |c 2003. 
300 |a 231 páginas.  
490 |a Biblioteca di Lex Naturalis,   |n 1. 
500 |a c.1 Donación Familia Prof. Alejandro Guzmán Brito. 
583 |c 20220718  |k Cristina María Rojas Aguilar 
650 |a Derecho natural  |9 255041 
650 |a Derecho  |x Filosofía   |9 866192 
942 |2 ddc  |c BK  |n 0 
952 |0 0  |1 0  |2 ddc  |4 0  |6 340_112000000000000_TOD_2003  |7 1  |8 C_AGB  |9 585435  |a BIBDER  |b BIBDER  |d 2022-07-27  |e Donación   |i 5653458  |o 340.112 TOD 2003  |p 5653458  |r 2023-01-25  |t 1  |w 2022-07-27  |y BK_US  |k AGB